Guess the Taylor Swift Song (no hints) 150 - Statistics

General Stats
  • This quiz has been taken 66 times
    61 since last reset
  • The average score is 326 of 431
Answer Stats
ANSWER % Correct
I
100%
(I
100%
I,
100%
a
97%
me
94%
me,
94%
when
94%
you
94%
You
94%
you)
94%
(you)
94%
you,
94%
And
92%
and
92%
are
92%
love
92%
the
92%
to
92%
We
92%
we
92%
be
89%
But
89%
in,
89%
in
89%
Like
89%
on
89%
all
86%
He
86%
is
86%
where
86%
your
86%
go
83%
him
83%
know,
83%
know
83%
So
83%
then
83%
They
83%
as
81%
I'm
81%
my
81%
say
81%
can
78%
not
78%
that's
78%
wanna
78%
Wanna
78%
(wanna
78%
don't
75%
home
75%
just
75%
Just
75%
of
75%
with
75%
back
72%
boy
72%
Boy,
72%
Boy
72%
darling,
72%
eyes
72%
heart
72%
his
72%
mine
72%
now
72%
(oh)
72%
(oh),
72%
oh
72%
Oh,
72%
saw
72%
up
72%
from
69%
London
69%
meet,
69%
our
69%
afternoon
67%
American
67%
blue
67%
have
67%
heard
67%
likes
67%
smile
67%
something
67%
time
67%
walking
67%
Babe,
64%
best
64%
child
64%
enjoy
64%
fancy
64%
friends
64%
lives
64%
tea,
64%
(yeah)
64%
(yeah),
64%
accent
61%
first
61%
good
61%
high
61%
laughing
61%
mates
61%
nights
61%
Took
61%
true
61%
happened,
58%
jeans,
58%
met
58%
much
58%
school
58%
scooter
58%
whiskey
58%
dimples
56%
drivin'
56%
End
56%
English
56%
faded
56%
God,
56%
rumors
56%
Show
56%
show
56%
stories
56%
Tennessee
56%
find
53%
guess
53%
hometown
53%
Motown,
53%
pub,
53%
rugby
53%
threaten
53%
watching
53%
West
53%
cab
50%
Camden
50%
gray
50%
Highgate,
50%
(ooh)
50%
ooh)
50%
sky,
50%
uni,
50%
Brixton,
47%
rainy
47%
ride
47%
Springsteen,
47%
Street
47%
Market
44%
SoCal
44%
ah
42%
Doesn't
42%
riding
42%
Stella
42%
McCartney
39%
Bond
36%
Louis V
36%
please
36%
drinking
33%
queen
33%
Shoreditch
33%
SoHo,
33%
Stick
33%
Hackney
31%
Heath
31%
Uh,
22%
Alright
14%
No matching quizzes found
Score Distribution
Percent of People with Each Score
Percentile by Number Answered
Your Score History
You have not taken this quiz since the last reset